Popular 19th century painting : a dictionary of European genre painters /

Bibliographic Details
Main Author: Hook, Philip
Other Authors: Poltimore, Mark
Format: Book
Language:English
Published: Woodbridge, Suffolk : Antique Collectors' Club, 1986
Subjects:

MARC

Tag First Indicator Second Indicator Subfields
LEADER 00000cam a2200000 a 4500
001 in00000012151
005 20151007051753.0
008 870408s1986 enka bd 00110 eng
010 |a  87130123  
020 |a 1851490116 :  |c £35.00 
035 |a (OCoLC)16900385 
035 |9 AAA4703AM 
040 |a DLC  |c DLC  |d TXA  |d UtOrBLW 
043 |a e------ 
049 |a TXAF  |c [A12642881] 
050 0 0 |a ND1452.E8515  |b H66 1986 
050 4 |a ND1452.E8515  |b H66 1987 
082 0 |a 754/.094  |2 19 
100 1 |a Hook, Philip. 
245 1 0 |a Popular 19th century painting :  |b a dictionary of European genre painters /  |c Philip Hook and Mark Poltimore. 
264 1 |a Woodbridge, Suffolk :  |b Antique Collectors' Club,  |c 1986 
264 3 |c 1987 printing 
300 |a 632 pages :  |b illustrations (some color) ;  |c 28 cm. 
336 |a text  |b txt  |2 rdacontent 
337 |a unmediated  |b n  |2 rdamedia 
338 |a volume  |b nc  |2 rdacarrier 
504 |a Bibliography: page 616. 
500 |a Includes indexes. 
650 0 |a Genre painting, European  |y 19th century  |x Themes, motives  |v Dictionaries. 
700 1 |a Poltimore, Mark. 
740 0 |a Popular nineteenth century painting. 
999 |a MARS 
999 f f |s 7e91d3f8-9f83-3e93-9c23-bef6a3ba513b  |i 6929febf-a533-3f23-90cc-11c1ae906096  |t 0 
952 f f |p normal  |a Texas A&M University  |b College Station  |c Sterling C. Evans Library  |d Evans: Library Stacks  |t 0  |e ND1452.E8515 H66 1987  |h Library of Congress classification  |i unmediated -- volume  |m A14812642881 
998 f f |a ND1452.E8515 H66 1987  |t 0  |l Evans: Library Stacks